[Event "URS-JUG U20"]
[Site "Leningrad"]
[Date "1991.??.??"]
[Round "?"]
[White "Kramnik, Vladimir"]
[Black "Ostojic, Nikola"]
[Result "1/2-1/2"]
[WhiteElo "2480"]
[BlackElo "2350"]

1.c4 Nf6 2.Nc3 c5 3.Nf3 g6 4.e4 Bg7 5.d4 cxd4 6.Nxd4 d6 7.Be2 O-O 8.O-O Nc6
9.Be3 Bd7 10.f3 Nxd4 11.Bxd4 Bc6 12.Qd2 Nd7 13.Be3 Nc5 14.Rac1 a5 15.b3 b6
16.Rfd1 Qd7 17.Nd5 Qb7 18.Rb1 Ra7 19.Bf1 Re8 20.Qf2 Raa8 21.a3 Bxd5 22.cxd5 b5
23.Bxc5 dxc5 24.Qxc5 b4 25.Bb5 Red8 26.a4 Rac8 27.Bc6 Qc7 28.Qe3 e6 29.Rbc1 exd5
30.Bxd5 Bc3 31.g3 Kg7 32.Kg2 Qc5 33.Qe2 Rd7 34.h4 h5 35.f4 Rcd8 36.Qc4 Qe3
37.Rc2 Re7 38.Re2 Qa7 39.Qd3 Red7 40.Qf3 Qc5 41.f5 Be5 42.Rf2 Qd6 43.Qe3 Rc8
44.fxg6 Rc3 45.Rd3 fxg6 46.Rfd2 Qc7 47.Qf3 Rd8 48.Rf2 Rxd3 49.Qxd3 Rf8 50.Rxf8 Kxf8
51.Bc4 Qd6 52.Qe3 Kg7 53.Qa7+ Qc7 54.Qa8 Kh6 55.Qd5 Bf6  1/2-1/2

[Event "URS-JUG U20"]
[Site "Leningrad"]
[Date "1991.??.??"]
[Round "?"]
[White "Kramnik, Vladimir"]
[Black "Brenjo, Slavisa"]
[Result "1-0"]
[WhiteElo "2480"]
[BlackElo "2320"]

1.d4 Nf6 2.c4 g6 3.Nc3 Bg7 4.e4 O-O 5.Nf3 d6 6.Be2 e5 7.O-O Nc6 8.d5 Ne7
9.Nd2 c5 10.Rb1 a5 11.a3 Ne8 12.b4 axb4 13.axb4 b6 14.bxc5 bxc5 15.Nb3 f5
16.f3 Bd7 17.Bd2 Nf6 18.Ra1 Qc7 19.Qc2 Rfb8 20.Nb5 Bxb5 21.cxb5 Rxa1 22.Rxa1 fxe4
23.fxe4 c4 24.Qxc4 Qxc4 25.Bxc4 Nxe4 26.Ba5 Rb7 27.Bd8 Bh6 28.Re1 Nc3 29.Nc5 dxc5
30.Bxe7 Kg7 31.d6 Bd2 32.Rf1 g5 33.Be6 e4 34.d7 Ne2+ 35.Kh1 Ba5 36.d8=Q Bxd8
37.Bxd8 Rxb5 38.Bc4  1-0

[Event "WchT U26"]
[Site "Maringa"]
[Date "1991.??.??"]
[Round "1"]
[White "Kramnik, Vladimir"]
[Black "Sepulveda, Luis"]
[Result "1-0"]
[WhiteElo "2490"]
[BlackElo "2280"]

1.d4 g6 2.c4 Bg7 3.e4 c5 4.d5 d6 5.Nc3 e5 6.Nf3 Ne7 7.Be2 O-O 8.h4 Bg4 9.Nh2 Bxe2
10.Qxe2 f5 11.h5 f4 12.hxg6 hxg6 13.Bd2 a6 14.a4 Nd7 15.Qg4 Nf6 16.Qe6+ Rf7
17.Nf3 Qd7 18.Qxd7 Nxd7 19.a5 Bf6 20.Ke2 Rh7 21.Na4 Re8 22.Rxh7 Kxh7 23.Rb1 Rb8
24.b4 cxb4 25.Bxb4 Nc8 26.c5 dxc5 27.Nxc5 Nxc5 28.Bxc5 g5 29.d6 g4 30.Nd2 Bd8
31.Nc4 Kg7 32.Nxe5 b5  1-0

[Event "WchT U26"]
[Site "Maringa"]
[Date "1991.??.??"]
[Round "3"]
[White "Lindstedt, Johan"]
[Black "Kramnik, Vladimir"]
[Result "0-1"]
[WhiteElo "2345"]
[BlackElo "2480"]

1.d4 d5 2.c4 e6 3.Nf3 c6 4.e3 f5 5.Bd3 Nf6 6.O-O Bd6 7.b3 Qe7 8.Bb2 O-O 9.Qc2 Bd7
10.Ne5 Be8 11.f3 c5 12.Nc3 Na6 13.a3 Nc7 14.Rfe1 Rc8 15.Qd2 Rd8 16.Qc2 Kh8
17.a4 Na6 18.Qf2 Nb4 19.Bf1 Nc6 20.cxd5 Nxe5 21.dxe5 Bxe5 22.dxe6 Ng4 23.fxg4 fxg4
24.Qxf8+ Qxf8 25.Bc4 g6 26.Rad1 Rxd1 27.Nxd1 Qg7 28.Rf1 Bxb2 29.Nxb2 Qe5
30.Rf8+ Kg7 31.Rxe8 Qxe3+ 32.Kf1 Qc1+ 33.Kf2 Qxb2+ 34.Kf1 Qf6+ 35.Kg1 h5
36.g3 a6 37.a5 Qa1+ 38.Kf2 Qxa5 39.Rg8+ Kh7 40.e7 Qd2+ 41.Be2 Qd4+ 42.Ke1 Qc3+  0-1

[Event "WchT U26"]
[Site "Maringa"]
[Date "1991.??.??"]
[Round "4"]
[White "Kramnik, Vladimir"]
[Black "Costa, Jean Luc"]
[Result "1-0"]
[WhiteElo "2490"]
[BlackElo "2410"]

1.d4 d5 2.c4 e6 3.Nc3 Nf6 4.cxd5 exd5 5.Bg5 c6 6.e3 Qb6 7.Qc2 Ne4 8.Bf4 Bf5
9.Bd3 Na6 10.a3 Qa5 11.Qa4 Qxa4 12.Nxa4 Nb8 13.Ke2 Nd7 14.Rc1 Nb6 15.Nc5 Nxc5
16.Bxf5 Nb3 17.Rc3 Na5 18.Nf3 Nac4 19.Rb1 a5 20.Bd3 Be7 21.Nd2 Nxd2 22.Kxd2 g6
23.f3 Kd7 24.e4 Rae8 25.b4 axb4 26.axb4 Rc8 27.Be3 dxe4 28.fxe4 f5 29.d5 fxe4
30.dxc6+ bxc6 31.Bxb6 exd3 32.Rxd3+ Ke8 33.Re1 Rf8 34.Ra3 Rf7 35.Ra7 Rb8
36.Bc5 Rd8+ 37.Kc3 Rd7 38.Ra8+ Rd8 39.Ra6 Rd7 40.Rxc6 Kd8 41.Bb6+  1-0

[Event "WchT U26"]
[Site "Maringa"]
[Date "1991.??.??"]
[Round "5"]
[White "Russek, Guil"]
[Black "Kramnik, Vladimir"]
[Result "0-1"]
[WhiteElo "2385"]
[BlackElo "2490"]

1.e4 c5 2.c3 e6 3.d4 d5 4.exd5 exd5 5.Nf3 Nc6 6.Bb5 Bd6 7.dxc5 Bxc5 8.O-O Ne7
9.Nbd2 Bg4 10.Nb3 Bd6 11.Be2 O-O 12.Bg5 h6 13.Bh4 Re8 14.Nfd4 Bxe2 15.Nxe2 Qb6
16.Bxe7 Rxe7 17.Ned4 Rd8 18.Nf5 Re6 19.Qc2 Be5 20.Rad1 a5 21.g3 Bf6 22.Rfe1 a4
23.Nbd4 Nxd4 24.Nxd4 Re4 25.Nf5 Rxe1+ 26.Rxe1 Qb5 27.Rd1 Qc4 28.b3 axb3 29.axb3 Qc5
30.c4 b5 31.Ne3 dxc4 32.Rxd8+ Bxd8 33.bxc4 Bg5 34.Nd1 Bf6 35.Ne3 Bd4 36.Nf5 bxc4
37.Qe4 Bf6 38.Ne3 c3 39.Qe8+ Kh7 40.Kg2 Bd4 41.Qe4+ g6 42.Nc2 Bf6 43.h4 Kg7
44.Kg1 h5 45.Kg2 Be5 46.Kf1 Qb5+ 47.Kg2 f5 48.Qf3 Qc4 49.Qb7+ Qc7 50.Qf3 Bf6
51.Qd5 f4 52.Qf3 fxg3 53.fxg3 Qd7 54.Qe4 Qg4 55.Qe3 Kh7 56.Qa7+ Bg7 57.Qe7 Qf5
58.Qe2 Qd5+ 59.Qf3 Qd2+ 60.Qf2 Bh6 61.Kg1 Kg8 62.Kf1 Qd3+ 63.Kg2 Bg7 64.Kh3 Be5
65.Ne1 Qe4  0-1

[Event "WchT U26"]
[Site "Maringa"]
[Date "1991.??.??"]
[Round "6"]
[White "Kramnik, Vladimir"]
[Black "Rosselli, Bernardo"]
[Result "1-0"]
[WhiteElo "2490"]
[BlackElo "2355"]

1.e4 c5 2.Nf3 d6 3.d4 cxd4 4.Nxd4 Nf6 5.Nc3 g6 6.Be3 Bg7 7.f3 O-O 8.Qd2 Nc6
9.O-O-O d5 10.Qe1 e5 11.Nxc6 bxc6 12.exd5 Nxd5 13.Bc4 Be6 14.Ne4 Qc7 15.Bc5 Rfd8
16.Qh4 h6 17.g4 Rab8 18.g5 h5 19.Qf2 Qb7 20.b3 Qc7 21.a4 Qa5 22.Bxa7 Bf8
23.Bxb8 Ba3+ 24.Kb1 Rxb8 25.Bxd5 cxd5 26.Nf6+ Kf8 27.Qe1 Qxa4 28.Qxe5 Rxb3+
29.cxb3 Qxb3+ 30.Ka1 d4 31.Nd7+ Bxd7 32.Qh8+ Ke7 33.Qxd4 Kf8 34.Qh8+ Ke7
35.Rhe1+  1-0

[Event "Moscow4"]
[Site "Moscow"]
[Date "1991.??.??"]
[Round "?"]
[White "Kramnik, Vladimir"]
[Black "Yanvarjov, Igor"]
[Result "1-0"]
[WhiteElo "2480"]
[BlackElo "2395"]

1.c4 e6 2.Nc3 d5 3.d4 Be7 4.cxd5 exd5 5.Bf4 Nf6 6.e3 O-O 7.Bd3 b6 8.Nf3 Bb7
9.O-O c5 10.Ne5 Nc6 11.Rc1 a6 12.Qf3 Bd6 13.Rfd1 cxd4 14.Nxc6 Bxc6 15.Ne2 Ba4
16.b3 Bb5 17.Nxd4 Bxd3 18.Rxd3 Bxf4 19.Qxf4 Rc8 20.Rdc3 Rxc3 21.Rxc3 Qe7
22.Nf5 Qe4 23.Qxe4 dxe4 24.Rc6 Rd8 25.g3 Nd5 26.Nd6 b5 27.Rxa6 Nc3 28.a3 g6
29.Rc6 Kg7 30.Kg2 Nb1 31.Nxb5 Rd3 32.Rc7 Rxb3 33.Nd6 Rb6 34.Rxf7+ Kg8 35.Rb7 Rxd6
36.Rxb1 h5 37.a4 Ra6  1-0

[Event "Moscow4"]
[Site "Moscow"]
[Date "1991.??.??"]
[Round "?"]
[White "Utemov, Vladimir"]
[Black "Kramnik, Vladimir"]
[Result "1/2-1/2"]
[WhiteElo "2425"]
[BlackElo "2480"]

1.Nf3 d5 2.d4 e6 3.c4 c6 4.e3 f5 5.Bd3 Nf6 6.O-O Bd6 7.b3 Qe7 8.Bb2 O-O 9.Qc1 b6
10.Ba3 Bb7 11.Bxd6 Qxd6 12.cxd5 cxd5 13.Qa3 Qxa3 14.Nxa3 a6 15.Rfc1 Nc6  1/2-1/2

[Event "Sao Paulo op"]
[Site "Sao Paulo"]
[Date "1991.??.??"]
[Round "2"]
[White "Kramnik, Vladimir"]
[Black "Riberio, F."]
[Result "1-0"]
[WhiteElo "2480"]
[BlackElo "2265"]

1.e4 c5 2.Nf3 d6 3.d4 cxd4 4.Nxd4 Nf6 5.Nc3 a6 6.f4 Qc7 7.a4 e5 8.Nf3 Be7
9.Bd3 O-O 10.O-O Be6 11.Kh1 Nbd7 12.f5 Bc4 13.Bg5 Rfe8 14.Rc1 d5 15.Nd2 Bxd3
16.cxd3 dxe4 17.dxe4 Rac8 18.Nd5 Qxc1 19.Nxe7+ Rxe7 20.Qxc1 Rxc1 21.Rxc1 h6
22.Be3 Nf8 23.h3 Rd7 24.Kg1 Ne8 25.Nc4 Rd3 26.Kf2 Nd7 27.Nd2 Ndf6 28.Ke2 Rd7
29.Rc8 Kh7 30.Rc5 Re7 31.g4 Nd7 32.Rc8 Ndf6 33.Bc5 Rd7 34.Nc4 Nxe4 35.Nxe5 Rc7
36.Rxc7 Nxc7 37.Be3 f6 38.Kd3 Nd6 39.Nc4 Nf7 40.Kd4 g6 41.Kc5 gxf5 42.gxf5 b5
43.Bf4 Ne8 44.axb5 axb5 45.Kxb5 Ng5 46.Bxg5 fxg5 47.Kc6 Ng7 48.Ne3 h5 49.b4 g4
50.hxg4 hxg4 51.f6 Ne6 52.Nxg4 Kg6 53.b5 Nd4+ 54.Kc5 Ne6+ 55.Kd6 Nd8 56.Ke7  1-0

[Event "Sao Paulo op"]
[Site "Sao Paulo"]
[Date "1991.??.??"]
[Round "7"]
[White "Resende, Antonio Carlos"]
[Black "Kramnik, Vladimir"]
[Result "0-1"]
[WhiteElo "2315"]
[BlackElo "2480"]

1.Nf3 d6 2.g3 e5 3.d3 f5 4.Bg2 Nf6 5.c4 g6 6.Nc3 Bg7 7.O-O O-O 8.Rb1 a5 9.a3 Nc6
10.b4 axb4 11.axb4 h6 12.b5 Ne7 13.Bb2 Be6 14.Qc2 g5 15.Nd2 Rb8 16.Nb3 Qe8
17.Na5 Qh5 18.e3 f4 19.exf4 gxf4 20.f3 fxg3 21.hxg3 Qg6 22.Kh2 b6 23.Nc6 Nxc6
24.bxc6 Bxc4 25.Ne4 Be6 26.Nxf6+ Rxf6 27.Qe2 Qh5+ 28.Kg1 Rbf8 29.Rf2 Qg6
30.Kh2 Qh5+ 31.Kg1 Qg5 32.Kh2 Rg6 33.g4 h5 34.gxh5 Qxh5+ 35.Kg1 Rf4 36.Kf1 Bf6
37.Bc1 Rh4 38.Ke1 Rh2 39.Bf4 Rhxg2 40.Rxg2 Qh1+ 41.Kd2 Qxg2  0-1

[Event "Sao Paulo op"]
[Site "Sao Paulo"]
[Date "1991.??.??"]
[Round "10"]
[White "Kramnik, Vladimir"]
[Black "Camara, Helder"]
[Result "1/2-1/2"]
[WhiteElo "2480"]
[BlackElo "2325"]

1.d4 Nf6 2.c4 g6 3.Nc3 Bg7 4.e4 d6 5.f3 O-O 6.Be3 b6 7.Bd3 a6 8.Nge2 Nfd7
9.b3 c5 10.O-O Nc6 11.d5 Nce5 12.a4 Nxd3 13.Qxd3 Ne5 14.Qd2 Re8 15.Rad1 Rb8
16.h3 f5 17.Ng3 fxe4 18.Ngxe4 Nf7 19.Ng5 Nxg5 20.Bxg5 b5 21.axb5 axb5 22.Nxb5 Ba6
23.Qe2 Qd7 24.f4 Rxb5 25.cxb5 Bxb5 26.Qe6+ Qxe6 27.dxe6 Bxf1 28.Kxf1 h6 29.Bh4 Rf8
30.Bxe7 Rxf4+ 31.Ke2  1/2-1/2

[Event "Wch U18"]
[Site "?"]
[Date "1991.??.??"]
[Round "?"]
[White "Kramnik, Vladimir"]
[Black "Vescovi, Giovanni"]
[Result "1-0"]
[WhiteElo "2480"]
[BlackElo "2260"]

1.d4 Nf6 2.c4 c5 3.d5 b5 4.cxb5 a6 5.e3 Bb7 6.Nc3 Qa5 7.bxa6 Bxd5 8.Bd2 Bc6
9.Nf3 d6 10.Bc4 Nxa6 11.e4 Qc7 12.O-O e6 13.Re1 Qb7 14.Bf4 Rd8 15.a3 Be7
16.Rb1 Nc7 17.Qc2 d5 18.Bxc7 Qxc7 19.exd5 exd5 20.Bb5 Kf8 21.Bxc6 Qxc6 22.Ne2 Qb7
23.b4 Qa7 24.Ne5 Rc8 25.Nd4 Qc7 26.Nf5 cxb4 27.Qb3 Bd6 28.Nxd6 Qxd6 29.axb4 g6
30.Qh3 Kg7 31.Qh6+ Kg8  1-0

[Event "Chalkidiki"]
[Site "Chalkidiki"]
[Date "1992.??.??"]
[Round "6"]
[White "Lautier, Joel"]
[Black "Kramnik, Vladimir"]
[Result "1/2-1/2"]
[WhiteElo "2580"]
[BlackElo "2625"]

1.c4 e5 2.Nc3 d6 3.Nf3 f5 4.d4 e4 5.Ng5 c6 6.g3 Be7 7.Nh3 Nf6 8.Bg2 O-O 9.O-O Kh8
10.d5 Nbd7 11.b3 Ne5 12.Bb2 Qe8 13.Qd2 Bd7 14.Rad1 a5 15.Nf4 Ng6 16.f3 Nxf4
17.Qxf4 Nh5 18.Qd2 e3 19.Qxe3 f4 20.gxf4 Nxf4 21.Kh1 Nxg2 22.Kxg2 Qg6+ 23.Kh1 Bf6
24.Qd2 Bf5 25.Rg1 Qf7 26.dxc6 bxc6 27.Na4 Rae8 28.Rg3 Bg6 29.Rg2 Bxb2 30.Nxb2 Re6
31.Nd3 d5 32.cxd5 cxd5 33.Rc1 d4 34.Rc5 Qe7 35.Rxa5 Re3 36.Qb4 Qf6 37.Ne5 d3
38.Ng4 dxe2 39.Nxe3 Qxf3 40.Re5 Qf1+ 41.Rg1 Qf2 42.Qe1 Qf3+ 43.Rg2 Bd3 44.Re7 Qf6
45.Rexg7 Qf1+ 46.Nxf1 exf1=Q+ 47.Qxf1 Rxf1+ 48.Rg1 Be4+ 49.Rg2 Rf2 50.h3 Rxa2
51.Kh2 Bxg2 52.Rxg2 Ra3 53.Rb2 Ra5 54.b4 Rb5 55.Kg3 Kg7 56.Kf4 Kf6 57.Ke4 Ke6
58.Kd4 Kd6 59.Kc4 Rh5 60.Rb3 Kc6 61.Rf3 Rh4+  1/2-1/2

[Event "Chalkidiki"]
[Site "Chalkidiki"]
[Date "1992.??.??"]
[Round "7"]
[White "Kramnik, Vladimir"]
[Black "Psakhis, Lev"]
[Result "1/2-1/2"]
[WhiteElo "2625"]
[BlackElo "2570"]

1.d4 Nf6 2.c4 e6 3.Nf3 b6 4.a3 Bb7 5.Nc3 d5 6.cxd5 Nxd5 7.Bd2 Nd7 8.Nxd5 exd5
9.g3 Bd6 10.Bg5 Be7 11.Bxe7 Qxe7 12.Rc1 c6 13.Bh3 O-O 14.O-O Nf6 15.b4 Ne4
16.Qb3 f5 17.Rc2 Rac8 18.Rfc1 Ba8 19.e3 g6 20.Bg2 Kg7 21.Qb2 Rc7 22.Bf1 Bb7
23.a4 Rfc8 24.Ne5 a6 25.Bg2 Nd6 26.Qc3 Kg8 27.Qb3 Kg7 28.Qc3 Kg8 29.h4 b5
30.Qc5 Nc4 31.Qxe7 Rxe7 32.Nd3 Rce8 33.Ra1 Kg7 34.axb5 axb5 35.Ra7 Kf6 36.Nc5 Bc8
37.Rca2 h6 38.Rxe7 Rxe7 39.Ra8 Rc7 40.Bf1 Nd6 41.f3 g5 42.Kf2 Re7 43.Bd3 Rc7
44.Rb8 Ke7 45.Ra8 Kf6 46.Bf1 Re7 47.Bg2 Kg7 48.Bh3 Rc7 49.Ke2 Kg6 50.hxg5 hxg5
51.Rb8 g4 52.Bg2 gxf3+ 53.Bxf3  1/2-1/2

[Event "Chalkidiki"]
[Site "Chalkidiki"]
[Date "1992.??.??"]
[Round "8"]
[White "Akopian, Vladimir"]
[Black "Kramnik, Vladimir"]
[Result "1/2-1/2"]
[WhiteElo "2600"]
[BlackElo "2625"]

1.e4 e6 2.d4 d5 3.Nd2 c5 4.exd5 Qxd5 5.Ngf3 cxd4 6.Bc4 Qd6 7.O-O Nf6 8.Nb3 Nc6
9.Nbxd4 Nxd4 10.Qxd4 Qxd4 11.Nxd4 Bd7 12.Bf4 Rc8 13.Be2 Nd5 14.Bg3 Bc5  1/2-1/2

[Event "EU-chT (Men)"]
[Site "Debrecen"]
[Date "1992.??.??"]
[Round "3"]
[White "Kurajica, Bojan"]
[Black "Kramnik, Vladimir"]
[Result "1/2-1/2"]
[WhiteElo "2585"]
[BlackElo "2590"]

1.d4 d5 2.c4 c6 3.e3 Nf6 4.Nf3 e6 5.Bd3 dxc4 6.Bxc4 c5 7.O-O a6 8.Bd3 Nbd7
9.Qe2 Qc7 10.Nbd2 Be7 11.b3 cxd4 12.exd4 O-O 13.Ne4 b6 14.Bg5 Bb7 15.Rac1 Qd8
16.h4 h6 17.Nxf6+ Bxf6 18.Be3 e5 19.Bb1 Re8 20.dxe5 Nxe5 21.Nxe5 Bxe5 22.Qg4  1/2-1/2

[Event "EU-chT (Men)"]
[Site "Debrecen"]
[Date "1992.??.??"]
[Round "4"]
[White "Kramnik, Vladimir"]
[Black "Eingorn, Vereslav S"]
[Result "1/2-1/2"]
[WhiteElo "2590"]
[BlackElo "2590"]

1.d4 Nf6 2.c4 e6 3.Nf3 d5 4.Nc3 Nbd7 5.Bg5 h6 6.Bh4 Be7 7.e3 O-O 8.Rc1 Re8
9.Qc2 a6 10.cxd5 exd5 11.Bd3 c6 12.O-O Ne4 13.Bxe7 Qxe7 14.Na4 Ng5 15.Qd1 Nxf3+
16.Qxf3 Nb6 17.Nc5  1/2-1/2

[Event "Troll Masters"]
[Site "Gausdal"]
[Date "1992.??.??"]
[Round "7"]
[White "Kotronias, Vasilios"]
[Black "Kramnik, Vladimir"]
[Result "1/2-1/2"]
[WhiteElo "2560"]
[BlackElo "2590"]

1.e4 e6 2.d4 d5 3.Nd2 c5 4.Ngf3 cxd4 5.exd5 Qxd5 6.Bc4 Qd6 7.O-O Nf6 8.Nb3 Nc6
9.Nbxd4 Nxd4 10.Nxd4 a6 11.Bb3 Qc7 12.Re1 Bd7 13.Bg5 O-O-O 14.Qf3 Bd6 15.h3 Qc5
16.Qe3 Qc7 17.Qf3 Qc5 18.Qe3  1/2-1/2

[Event "Troll Masters"]
[Site "Gausdal"]
[Date "1992.??.??"]
[Round "9"]
[White "Kramnik, Vladimir"]
[Black "Emms, John M"]
[Result "1/2-1/2"]
[WhiteElo "2590"]
[BlackElo "2430"]

1.e4 e5 2.Nf3 Nc6 3.Bc4 Nf6 4.d3 Be7 5.O-O O-O 6.Bb3 d6 7.c3 Nd7 8.Be3 Nf6
9.h3 d5 10.Nbd2 h6 11.Re1 a6 12.a3 Be6 13.exd5 Nxd5 14.Nc4 Nxe3 15.Rxe3 Bc5
16.Re2 Bxc4 17.Bxc4 b5 18.Ba2 Qd6 19.Qc2 Rad8 20.Rd1 Bb6 21.Rde1 Qxd3 22.Qxd3 Rxd3
23.Nxe5 Nxe5 24.Rxe5 Rd2  1/2-1/2

[Event "Manila ol (Men)"]
[Site "Manila"]
[Date "1992.??.??"]
[Round "?"]
[White "Kramnik, Vladimir"]
[Black "Olafsson, Helgi"]
[Result "1/2-1/2"]
[WhiteElo "2590"]
[BlackElo "2525"]

1.d4 Nf6 2.c4 e6 3.Nf3 b6 4.a3 Bb7 5.Nc3 d5 6.cxd5 Nxd5 7.e3 g6 8.Nxd5 exd5
9.Bd2 Bg7 10.h4 O-O 11.h5 Nd7 12.Rc1 Rc8 13.b4 c6 14.Bd3 Qe7 15.Bc3 c5 16.bxc5 bxc5
17.O-O Nb6 18.dxc5 Bxc3 19.Rxc3 Rxc5 20.Rxc5 Qxc5 21.hxg6 hxg6 22.Qb1 Qe7
23.Qb4 Qxb4 24.axb4 Nc4 25.Ra1 a6 26.Nd4 Rb8 27.Be2 Kf8 28.Rc1 Ke7 29.Rc2 Kd6
30.Rc3 Ne5 31.b5 axb5 32.Nxb5+ Kd7 33.f4 Nc6 34.Bg4+ f5 35.Bf3 Ba6 36.Nd4 Nxd4
37.exd4 Rb4 38.Ra3 Bb5 39.Bxd5  1/2-1/2

[Event "Manila ol (Men)"]
[Site "Manila"]
[Date "1992.??.??"]
[Round "?"]
[White "Kramnik, Vladimir"]
[Black "Alaan, Vince"]
[Result "1-0"]
[WhiteElo "2590"]
[BlackElo "2385"]

1.d4 d6 2.e4 Nf6 3.Nc3 g6 4.Bg5 c6 5.Qd2 b5 6.Bd3 Nbd7 7.Nf3 Nb6 8.e5 dxe5
9.dxe5 Nfd5 10.O-O-O h6 11.Bh4 Bg7 12.Bxb5 cxb5 13.Nxd5 Be6 14.Nxb6 Qxd2+
15.Kxd2 axb6 16.a3 O-O-O+ 17.Kc1 g5 18.Bg3 Bd5 19.Rhe1 g4 20.Nd4 Bxg2 21.Nxb5 Kb7
22.Nd4 h5 23.Nf5 Rxd1+ 24.Rxd1 h4 25.Nxg7 hxg3 26.hxg3 Kc7 27.e6 fxe6 28.Nxe6+ Kc6
29.Nd4+ Kc7 30.Re1 Rh7 31.Kd2 Rf7 32.Ne6+ Kd7 33.Nf4 Bc6 34.c4 Rf5 35.Nd3 Kd6
36.b4 e5 37.Kc3 Rf3 38.Re3 e4 39.Rxf3 gxf3 40.Ne1 e3 41.Kd3 e2 42.Kd4 Ke6
43.b5 Be8 44.Nxf3  1-0

[Event "Alekhine op"]
[Site "Moscow"]
[Date "1992.??.??"]
[Round "?"]
[White "Rashkovsky, Nukhim N"]
[Black "Kramnik, Vladimir"]
[Result "1/2-1/2"]
[WhiteElo "2530"]
[BlackElo "2625"]

1.d4 d5 2.c4 c6 3.Nf3 Nf6 4.e3 e6 5.Bd3 dxc4 6.Bxc4 c5 7.O-O a6 8.dxc5 Qxd1
9.Rxd1 Bxc5 10.a3 Ke7 11.b4 Bd6 12.Bb2 b5 13.Be2 Bb7 14.Nbd2 Nbd7 15.Nb3 Rac8
16.Na5 Ba8 17.Nd4 Nb6 18.Rac1 Rxc1 19.Rxc1 Rc8 20.Rxc8 Nxc8 21.f3 Na7 22.e4 Nd7
23.Ndb3 f6 24.Kf2 Nc6 25.Nxc6+ Bxc6 26.Bd4 Bc7 27.g3 e5 28.Be3 Bb7 29.Bd1 Bb6
30.Na5 Bc8 31.a4 Bxe3+ 32.Kxe3 Nb6 33.axb5 axb5 34.Be2 Bd7  1/2-1/2

[Event "Alekhine op"]
[Site "Moscow"]
[Date "1992.??.??"]
[Round "?"]
[White "Psakhis, Lev"]
[Black "Kramnik, Vladimir"]
[Result "1/2-1/2"]
[WhiteElo "2570"]
[BlackElo "2625"]

1.c4 e5 2.Nc3 Bb4 3.Nd5 Bc5 4.e3 Nf6 5.d4 Nxd5 6.cxd5 exd4 7.exd4 Bb4+ 8.Bd2 Bxd2+
9.Qxd2 O-O 10.Bc4 d6 11.Ne2 Nd7 12.O-O Nf6 13.Nc3 a6 14.b4 b5 15.Bb3 Bb7
16.a4 bxa4 17.Rxa4 c6  1/2-1/2

[Event "Alekhine op"]
[Site "Moscow"]
[Date "1992.??.??"]
[Round "?"]
[White "Kramnik, Vladimir"]
[Black "Ehlvest, Jaan"]
[Result "1/2-1/2"]
[WhiteElo "2625"]
[BlackElo "2635"]

1.d4 e6 2.c4 b6 3.Nc3 Bb7 4.a3 d5 5.cxd5 exd5 6.Nf3 Nf6 7.Qa4+ c6 8.Bg5 Be7
9.e3 O-O 10.Bd3 Nbd7 11.Rd1 c5 12.Ne5 h6 13.Bf4 a6 14.Bb1 Re8 15.O-O b5 16.Qc2 c4
17.f3 Nf8 18.Ne2 N6d7 19.Nxd7 Qxd7 20.e4 b4 21.axb4 Bxb4 22.Ng3 a5 23.e5 Bc6
24.Nh5 Ra6 25.Qf2 Bb5 26.e6 Raxe6 27.Bf5 Qe7  1/2-1/2

[Event "Moscow rapid"]
[Site "Moscow"]
[Date "1992.??.??"]
[Round "?"]
[White "Lputian, Smbat G"]
[Black "Kramnik, Vladimir"]
[Result "1/2-1/2"]
[WhiteElo "2585"]
[BlackElo "2625"]

1.d4 d5 2.c4 c6 3.Nf3 Nf6 4.Qb3 dxc4 5.Qxc4 Bf5 6.e3 e6 7.g3 Be7 8.Bg2 O-O
9.O-O Nbd7 10.Nc3 Ne4 11.Qe2 Bb4 12.Bd2 Nxd2 13.Nxd2 e5 14.Nb3 Nf6 15.Rad1 e4
16.h3 Re8 17.a3 Bd6 18.Nc5 Qe7 19.g4 Bg6 20.g5 Nd5 21.N5xe4 Nxc3 22.Nxc3 Qxg5
23.f4 Qh6 24.Qf2 Bf5 25.Qg3 Re6 26.Kh1 Rg6 27.Qh2 Re8 28.e4 Rxg2 29.Qxg2 Bxh3
30.Qh2 Bxf1 31.Qxh6 gxh6 32.Rxf1 Rd8 33.e5 Be7 34.Rd1 f6 35.Kg2 Kf7 36.Kf3 Ke6
37.Ke4 f5+ 38.Kf3 h5 39.d5+ cxd5 40.Nb5 Bc5 41.Nc7+ Kf7 42.Nxd5 h4 43.b4 Bb6
44.Ne3 Rxd1 45.Nxd1 Bd4 46.a4 Ke6 47.Ne3 a6  1/2-1/2

[Event "Moscow rapid"]
[Site "Moscow"]
[Date "1992.??.??"]
[Round "?"]
[White "Kramnik, Vladimir"]
[Black "Tseshkovsky, Vitaly"]
[Result "1/2-1/2"]
[WhiteElo "2625"]
[BlackElo "2510"]

1.d4 Nf6 2.c4 c5 3.d5 b5 4.cxb5 a6 5.e3 Bb7 6.Nc3 axb5 7.Bxb5 Qa5 8.Ne2 Nxd5
9.O-O Nxc3 10.Nxc3 e6 11.e4 Be7 12.Qd3 O-O 13.Qg3 Kh8 14.Bf4 Nc6 15.Rfe1 e5
16.Bxe5 Nxe5 17.Qxe5 Bf6 18.Qxc5 d6 19.Qf5 Qb4 20.Rab1 Be5 21.a4 g6 22.Qd7 Rab8
23.Bf1 f5 24.Qb5 Bxe4 25.Qxb4 Rxb4 26.Nxe4 fxe4 27.b3  1/2-1/2

[Event "Oakham"]
[Site "Oakham"]
[Date "1992.??.??"]
[Round "7"]
[White "Kramnik, Vladimir"]
[Black "Akopian, Vladimir"]
[Result "1/2-1/2"]
[WhiteElo "2590"]
[BlackElo "2605"]

1.d4 Nf6 2.c4 g6 3.Nc3 Bg7 4.e4 d6 5.f3 O-O 6.Be3 e5 7.Nge2 c6 8.Qd2 Nbd7
9.O-O-O a6 10.Kb1 b5 11.Nc1 bxc4 12.Bxc4 Rb8 13.dxe5 Nxe5 14.Bb3 Ne8 15.f4 Ng4
16.Bd4 Bxd4 17.Qxd4 Qb6 18.Qxb6 Rxb6 19.Rd2 Kg7 20.h3 Ngf6 21.Rhd1 Rb7 22.Nd3 Re7
23.e5 dxe5 24.Nxe5 Nh5 25.Rf2 Nxf4 26.Nxc6 Rc7 27.Na5 g5 28.h4 h6 29.hxg5 hxg5
30.g3 Nh3 31.Rh2  1/2-1/2

[Event "Pamplona"]
[Site "Pamplona"]
[Date "1992.??.??"]
[Round "1"]
[White "Sokolov, Ivan"]
[Black "Kramnik, Vladimir"]
[Result "1/2-1/2"]
[WhiteElo "2625"]
[BlackElo "2625"]

1.d4 d5 2.c4 dxc4 3.Nc3 a6 4.e4 b5 5.a4 b4 6.Na2 e6 7.Bxc4 Bb7 8.f3 c5 9.Ne2 cxd4
10.Nxd4 Bd6 11.Be3 Ne7 12.Qd2 Nbc6 13.Rd1 Bc5 14.Nb3 Bxe3 15.Qxe3 Qc7 16.Qc5 Rc8
17.Be2 a5 18.Nac1 O-O 19.O-O Rfd8 20.Bb5 h6 21.Nd3 Rd7 22.Nf2 Rcd8 23.Rxd7 Rxd7
24.Rd1 Rxd1+ 25.Nxd1 Ng6 26.Ne3 Qd8 27.Qc2 Qb6 28.Qf2 Qd8 29.Qd2 Qb6 30.Kh1 Qc7
31.Nc4 Ba8 32.Qd6 Qa7 33.Nc5 Nge7 34.Bxc6 Nxc6 35.b3 Kh7 36.h4 e5 37.Nxe5 Nxe5
38.Qxe5 Bc6 39.h5 Kg8 40.Qd6 Qa8 41.Kh2 Qc8 42.g4 Qe8 43.Kg3 Qc8 44.Kf2 Kh7
45.Ke3 Kg8 46.Kf2 Kh7 47.Kg3 Kg8 48.f4 Qa8 49.Kf3 Be8 50.f5 Qa7 51.Ke3 Kh7
52.Kd4 f6 53.Ke3 Bf7 54.Kf3 Bg8 55.Ke2 Bf7 56.Kd3 Bg8 57.Kc2 Bf7 58.Kb2 Kg8
59.Ka2 Kh7 60.Ka1 Kg8 61.Kb1 Kh7 62.Kc2 Bg8 63.Kd2 Bf7 64.Kd3 Bg8 65.e5 fxe5
66.Qxe5 Qa8 67.Ne6 Qf3+ 68.Kc4 Qc6+ 69.Qc5 Bxe6+ 70.fxe6 Qxe6+ 71.Kb5 Qxb3
72.Kxa5 Qc3 73.Qf5+ Kh8 74.Qf8+ Kh7 75.Qxb4 Qc7+ 76.Qb6 Qc3+ 77.Ka6 Qc4+
78.Qb5 Qxg4 79.a5 Qc8+ 80.Qb7 Qc4+ 81.Ka7 Qc5+ 82.Qb6 Qe7+ 83.Ka6 Qe2+ 84.Qb5 Qe6+
85.Ka7 Qe7+ 86.Kb6 Qe6+ 87.Qc6 Qe3+ 88.Qc5 Qe6+ 89.Kc7 Qf7+ 90.Kd8 Qf6+ 91.Kd7 Qf7+
92.Kc6 Qe8+ 93.Kb7 Qf7+ 94.Qc7 Qb3+ 95.Qb6 Qf7+ 96.Kc6 Qe6+ 97.Kc5 Qe5+ 98.Kc4 Qe2+
99.Kc3 Qe1+ 100.Kd3 Qd1+ 101.Ke3 Qe1+ 102.Kf3 Qh1+ 103.Kf2 Qh4+ 104.Kg2 Qe4+
105.Kf1 Qh1+ 106.Ke2 Qxh5+ 107.Kd2 Qd5+ 108.Kc3 Qf3+ 109.Kb2 Qe2+ 110.Ka3 Qd3+
111.Qb3 Qd6+ 112.Qb4 Qd3+ 113.Ka2 Qe2+ 114.Ka1 Qe5+ 115.Ka2  1/2-1/2

[Event "Pamplona"]
[Site "Pamplona"]
[Date "1992.??.??"]
[Round "2"]
[White "Kramnik, Vladimir"]
[Black "Illescas Cordoba, Miguel"]
[Result "1/2-1/2"]
[WhiteElo "2625"]
[BlackElo "2600"]

1.d4 d5 2.Nf3 c5 3.c4 e6 4.cxd5 exd5 5.Nc3 Nc6 6.g3 Nf6 7.Bg2 Be7 8.O-O O-O
9.Bg5 cxd4 10.Nxd4 h6 11.Be3 Re8 12.Rc1 Bf8 13.Nxc6 bxc6 14.Na4 Bd7 15.Bc5 Bxc5
16.Nxc5 Bg4 17.Re1 Qa5 18.h3 Bf5 19.Qa4 Qd2 20.Qf4 Qxf4 21.gxf4 Rab8 22.b3  1/2-1/2

[Event "Pamplona"]
[Site "Pamplona"]
[Date "1992.??.??"]
[Round "4"]
[White "De la Villa Garcia, Jesus Maria"]
[Black "Kramnik, Vladimir"]
[Result "1/2-1/2"]
[WhiteElo "2475"]
[BlackElo "2625"]

1.e4 c5 2.Nf3 Nc6 3.d4 cxd4 4.Nxd4 Nf6 5.Nc3 d6 6.Bg5 e6 7.Qd2 a6 8.O-O-O h6
9.Bf4 Bd7 10.Nxc6 Bxc6 11.f3 d5 12.Qe1 Bb4 13.a3 Ba5 14.Bd2 d4 15.e5 Qc7
16.exf6 dxc3 17.Bxc3 Bxc3 18.Qxc3 Qf4+ 19.Rd2 Qxf6 20.Qxf6 gxf6 21.Bd3 Rg8
22.Re1 O-O-O 23.g3 f5 24.f4 h5 25.Re3 h4 26.Be2 hxg3 27.hxg3 Rh8 28.Rxd8+ Kxd8
29.Bf3 Bxf3 30.Rxf3 Rh2 31.a4 Rg2 32.b4 Kd7 33.Kb2 b6 34.Kb3 Kc6 35.Rd3 Rg1
36.Kc4 Rb1 37.Rd8 b5+ 38.axb5+ axb5+ 39.Kc3 Rg1 40.Rd3 Rb1 41.Rd8 Rg1 42.Rd3 f6
43.Kb2 e5 44.fxe5 fxe5 45.Rf3 Kd5 46.Rxf5 Rxg3  1/2-1/2

[Event "Pamplona"]
[Site "Pamplona"]
[Date "1992.??.??"]
[Round "5"]
[White "Kramnik, Vladimir"]
[Black "Lautier, Joel"]
[Result "0-1"]
[WhiteElo "2625"]
[BlackElo "2580"]

1.d4 d5 2.Nf3 Nf6 3.c4 c6 4.Nc3 dxc4 5.a4 Bf5 6.e3 e6 7.Bxc4 Bb4 8.O-O Nbd7
9.Nh4 Bg6 10.Be2 a5 11.Nxg6 hxg6 12.Qc2 Qc7 13.g3 e5 14.Rd1 Rd8 15.Bf3 O-O
16.Na2 Bd6 17.dxe5 Nxe5 18.Bg2 Be7 19.Bd2 Nd5 20.Qb3 Nb4 21.Nxb4 axb4 22.Be1 c5
23.Qc2 c4 24.Bd5 Rd7 25.Rac1 Rfd8 26.e4 Qa5 27.Rb1 Bf6 28.Kg2 b3 29.Qe2 Qxa4
30.Rbc1 Qa7 31.Bc3 b5 32.Bxe5 Bxe5 33.h4 Qc5 34.Rd2 Rxd5 35.exd5 Rxd5 36.Rcd1 Rxd2
37.Rxd2 Qc6+ 38.Kh2 Bf6 39.h5 gxh5 40.Qxh5 b4 41.Rd5 g6 42.Qf3 Kg7  0-1